00681nam a2200217Ia 4500008004100000020001800041050001400059100002400073245002900097245004300126245005600169260001500225260001700240260000900257300001400266300002200280300001000302440002900312999001900341952010300360180207s9999 xx 000 0 und d a9789715907460 bA211 2012 aAdams, Christine A. aWorry, worry, go away! : ba kid's book about worry and anxiety / cby Christine A. Adams ; illustrated by R. W. Alley. aNew York : bAbbey Press, c2012 aunpaged : bchiefly colored ; c20cm. aElf-help books for kids. c355642d355642 001040aSSISMbSSISMd2018-02-07l0oER A211 2012pSSISM5187r2018-02-07 00:00:00w2018-02-07yBK